| 000 | 00499nam a22001577a 4500 | ||
|---|---|---|---|
| 001 | T027600003932 | ||
| 008 | 181111b xve|||||r|||| 00| | esp d | ||
| 099 |
_aIVP-D-00589 _b |
||
| 100 | _aMinisterio de Planificación y Desarrollo. | ||
| 245 | _aPlan Operativo Anual Nacional y Presupuesto para el ejercicio fiscal 2002. | ||
| 260 | _a | ||
| 500 | _aFotocopiado | ||
| 650 | _aPlanes de Desarrollo--Política Económica | ||
| 650 | _aPlanes de Desarrollo--Presupuestos--Venezuela. | ||
| 942 | _cLIB | ||
| 999 |
_c5073 _d5073 |
||